000 00323nam a22001337a 4500
008 170529b xxu||||| |||| 00| 0 eng d
020 _a9780070212916
041 _aeng
080 _22ND
_a621.38
100 _a27
101 _aIM
245 _aHANDBOOK OF TRANSFORMER DESIGN&APPLICATIONS
_cFLANAGAN, W.M
942 _2udc
_cBK
999 _c14806
_d14806